Statistiques concernant Personnages Zelda nombre d'apparitions

Cliquez ici pour prendre le quiz!

Statistiques générales

  • Ce quiz a été pris 118 fois
    (113 depuis la dernière actualisation)
  • Le résultat moyen est 7 sur 15

Statistiques - réponses

Nombre d'apparitionsIndicePersonnage% Correct
11(Gerudo)Ganon
100%
26(Hylien)Link
100%
18(Hylienne)Zelda
100%
6(Sheika)Impa
84%
5(Animal)Épona
70%
5(Lutin)Tingle
68%
5(Ennemi)Bokoblin
56%
7(Hylien)Roi d'Hyrule
27%
3(Gerudo)Riju
24%
7(Hylien)Terry
24%
4(Hylienne)Malon
19%
13(???)Grande Fée
18%
19(Ennemi)Octorok
13%
7(Ennemi)Gohma
9%
14(Ennemi)Gibdo
3%

Distribution des résultats

Percentile par nombre de réponses

% des personnes avec chaque résultat

Votre développement - résultats

Vous n’avez pas pris ce quiz depuis la dernière actualisation